[Event "Bayern-ch"]
[Site "Rosenheim"]
[Date "2014.08.26"]
[Round "6"]
[White "Lederle, Vitus"]
[Black "Pohl Kuemmel, Jens Uwe"]
[Result "1/2-1/2"]
[WhiteElo "2200"]
[BlackElo "2270"]
[PlyCount "115"]
[EventDate "2014.08.23"]
[EventType "swiss"]
[EventRounds "9"]
[EventCountry "GER"]
[SourceTitle "EXT 2015"]
[Source "ChessBase"]
[SourceDate "2014.11.20"]
[SourceVersion "1"]
[SourceVersionDate "2014.11.20"]
[SourceQuality "1"]

1. e4 d6 2. d4 g6 3. Nc3 Bg7 4. Be3 c6 5. Qd2 b5 6. a4 b4 7. Nce2 a5 8. Ng3 Nd7 9. Nf3 Qc7 10. Bd3 Bb7 11. 0-0 c5 12. Bb5 Bc6 13. Bxc6 Qxc6 14. c3 Ngf6 15. d5 Qb7 16. Bh6 0-0 17. Bxg7 Kxg7 18. Qg5 Kh8 19. c4 Qc7 20. b3 Rae8 21. Rfe1 e5 22. dxe6 Rxe6 23. Re3 Ng8 24. Rd3 f6 25. Qf4 Rd8 26. Rad1 Ne5 27. Nxe5 fxe5 28. Qg4 Rf6 29. Ne2 Rdf8 30. f3 Ne7 31. Ng3 Nc6 32. Nf1 Nd4 33. Ne3 Qg7 34. Nd5 R6f7 35. R1d2 h6 36. Rf2 Kh7 37. h3 h5 38. Qg5 Qh6 39. Qxh6+ Kxh6 40. h4 g5 41. hxg5+ Kxg5 42. Kh2 h4 43. Kh3 Kh5 44. Kh2 Rg8 45. Ne3 Rg3 46. Nf1 Rfg7 47. Rfd2 R3g5 48. Ne3 Rf7 49. Nf5 Rg6 50. Ne3 Kg5 51. Ng4 Rh7 52. Nf2 Kf6 53. Ng4+ Ke6 54. Nf2 Rhg7 55. Nh3 Rg3 56. Ng1 R7g6 57. Nh3 Rg7 58. Ng1 1/2-1/2

[Event "Oberliga Bayern 1314"]
[Site "Bayern"]
[Date "2014.01.19"]
[Round "5.6"]
[White "Pohl Kuemmel, Jens Uwe"]
[Black "Hellmayr, Alois"]
[Result "1-0"]
[WhiteElo "2277"]
[BlackElo "2182"]
[PlyCount "127"]
[EventDate "2013.10.13"]
[EventType "team-tourn"]
[EventRounds "9"]
[EventCountry "GER"]
[SourceTitle "EXT 2015"]
[Source "ChessBase"]
[SourceDate "2014.11.20"]
[SourceVersion "1"]
[SourceVersionDate "2014.11.20"]
[SourceQuality "1"]
[WhiteTeam "Neutraubling Wacker"]
[BlackTeam "Passau"]
[WhiteTeamCountry "GER"]
[BlackTeamCountry "GER"]

1. d4 Nf6 2. c4 c5 3. d5 e5 4. Nc3 d6 5. e4 g6 6. Be2 a6 7. Nf3 Bg7 8. 0-0 0-0 9. a3 Nbd7 10. Rb1 h6 11. b4 b6 12. Qc2 Nh5 13. Re1 Nf4 14. Bf1 g5 15. g3 Ng6 16. Nd1 Nf6 17. Nd2 Nh7 18. Ne3 g4 19. bxc5 bxc5 20. Nf5 Ng5 21. Bg2 Ne7 22. Nf1 Nxf5 23. exf5 Bf6 24. Ne3 h5 25. Qd1 Bg7 26. f3 gxf3 27. Bxf3 h4 28. gxh4 Nh3+ 29. Kf1 Qxh4 30. Qe2 e4 31. Bg4 Nf4 32. Ng2 Nxe2 33. Nxh4 Nxc1 34. Rexc1 Re8 35. Ke2 Bh6 36. Rg1 Kh7 37. f6 Bxg4+ 38. Rxg4 Rab8 39. Rxb8 Rxb8 40. Rxe4 Rb2+ 41. Kf3 Bg5 42. Nf5 Rb6 43. a4 a5 44. h4 Bxf6 45. h5 Rb3+ 46. Kf4 Rb6 47. Re8 Be5+ 48. Rxe5 dxe5+ 49. Kxe5 f6+ 50. Ke4 Rb1 51. Ne3 Kg8 52. d6 Kf7 53. Kd5 Rh1 54. Kxc5 Rxh5+ 55. Kc6 Ke6 56. Nd5 Rh4 57. Nb6 f5 58. d7 Ke7 59. Kc7 Rh8 60. Nd5+ Ke6 61. Nf4+ Kf6 62. d8Q+ Rxd8 63. Kxd8 Ke5 64. c5 1-0

[Event "Bayern-ch"]
[Site "Westerndorf St Peter"]
[Date "2013.08.30"]
[Round "9.5"]
[White "Bintakies, Michael"]
[Black "Pohl Kuemmel, Jens Uwe"]
[Result "1/2-1/2"]
[WhiteElo "2189"]
[BlackElo "2292"]
[PlyCount "49"]
[EventDate "2013.08.25"]
[EventType "swiss"]
[EventRounds "9"]
[EventCountry "GER"]
[SourceTitle "EXT 2019"]
[Source "ChessBase"]
[SourceDate "2018.10.10"]
[SourceVersion "1"]
[SourceVersionDate "2018.10.10"]
[SourceQuality "1"]

1. f4 d5 2. Nf3 g6 3. g3 Bg7 4. Bg2 Nf6 5. 0-0 b6 6. Ne5 Bb7 7. c4 0-0 8. Nc3 e6 9. d3 Na6 10. Qc2 Qe7 11. e4 dxe4 12. dxe4 Rfd8 13. Be3 Nd7 14. Nf3 Bxc3 15. bxc3 Nf6 16. e5 Ng4 17. Bd4 c5 18. Bf2 Nxf2 19. Rxf2 Bxf3 20. Bxf3 Rac8 21. Rd1 Rxd1+ 22. Qxd1 Rd8 23. Rd2 Rxd2 24. Qxd2 Nb8 25. g4 1/2-1/2